[Event "IND-chT 44th"]
[Site "Ahmedabad"]
[Date "2025.03.05"]
[Round "1.4"]
[White "Godhani, Maharth"]
[Black "Gusain, Himal"]
[Result "0-1"]
[WhiteElo "1870"]
[BlackElo "2528"]
[PlyCount "56"]
[EventDate "2025.03.05"]
[EventType "team-swiss"]
[EventRounds "9"]
[EventCountry "IND"]
[SourceTitle "CB12_2025"]
[SourceDate "2025.03.19"]
[SourceVersion "1"]
[SourceVersionDate "2025.03.19"]
[SourceQuality "1"]
[WhiteTeam "Gujarat III"]
[BlackTeam "Railway Sport PB"]
[WhiteTeamCountry "IND"]
[BlackTeamCountry "IND"]

1. d4 d5 2. Nf3 e6 3. e3 Bd6 4. Bd3 f5 5. Ne5 Nf6 6. 0-0 0-0 7. f4 c5 8. b3 b6 9. Bb2 Ba6 10. c4 Ne4 11. Nd2 Bxe5 12. fxe5 Qg5 13. Rf3 cxd4 14. Bxe4 dxe4 15. Rg3 Qe7 16. exd4 f4 17. Rh3 Bb7 18. Qg4 e3 19. Nf3 Be4 20. Ba3 Bxf3 21. Qxf3 Qxa3 22. Qxa8 Qb2 23. Rf1 e2 24. Qe4 exf1Q+ 25. Kxf1 h6 26. Rxh6 Qc1+ 27. Ke2 f3+ 28. gxf3 Qxh6 0-1

[Event "IND-ch Schools"]
[Site "Gyan Bhawan Patna"]
[Date "2024.02.10"]
[Round "9"]
[White "Godhani, Maharth"]
[Black "Shadhursshaan, R."]
[Result "1/2-1/2"]
[WhiteElo "1496"]
[BlackElo "2058"]
[PlyCount "62"]
[EventDate "2024.02.06"]
[EventType "swiss"]
[EventRounds "9"]
[EventCountry "IND"]
[SourceTitle "EXT 2025"]
[Source "ChessBase"]
[SourceDate "2024.10.14"]
[SourceVersion "1"]
[SourceVersionDate "2024.10.14"]
[SourceQuality "1"]

1. Nf3 Nf6 2. Ng1 Ng8 3. Nf3 Nf6 4. Ng1 Ng8 5. d4 d5 6. Nf3 Nf6 7. e3 e6 8. Bd3 Bd6 9. Ng1 Ng8 10. Nf3 c6 11. b3 b6 12. Bb2 Bb7 13. Nbd2 Nd7 14. a3 a6 15. Qe2 Qe7 16. Ne5 Ngf6 17. 0-0 0-0 18. f3 a5 19. f4 c5 20. a4 Rac8 21. Rab1 Rb8 22. Ba1 Ba8 23. Rbd1 Rbd8 24. Bc3 Bb7 25. Rb1 Ra8 26. Bb2 Rab8 27. Rbe1 Rbc8 28. Ba1 Ba8 29. Rb1 Bb7 30. Bb2 Ba8 31. Rbe1 Bb7 1/2-1/2